| 000 | 00813nam a22001577a 4500 | ||
|---|---|---|---|
| 003 | OSt | ||
| 005 | 20151005140925.0 | ||
| 008 | 151005b xxu||||| |||| 00| 0 eng d | ||
| 040 | _cRUA | ||
| 082 | _aAVM SIM 2005 B075 Or.1 | ||
| 100 |
_92040 _aSIM RIRA |
||
| 245 | _aThe effect of utilization of 3 kinds of feed on pre-weaning piglets in sann sary farm in ponhea lueu district, kandal province, (ឥទ្ធិពលនៃការប្រើប្រាស់ចំណីបីប្រភេទលើការចិញ្ចឹមកូនជ្រូកមុនផ្ដាច់ដោះនៅកសិដ្ឋាន សាន់ សារី ស្រុកពញាឭខេត្តកណ្ដាល) | ||
| 260 |
_aphnom penh _bRUA _c2005 |
||
| 300 |
_aviii, 37p. _bill. _c29cm. |
||
| 942 |
_2ddc _cAVM |
||
| 999 |
_c1926 _d1926 |
||